| 000 | 00887cam a22002054a 4500 | ||
|---|---|---|---|
| 005 | 20250605164119.0 | ||
| 008 | 250528s ||||||||||||||||||||||||d | ||
| 035 | _a18187 | ||
| 020 | _a862380642 | ||
| 040 |
_aGR-AtMCL _bgre _dGR-AtMCL _eAACR2 |
||
| 245 | 1 | _aCompiler Psysiology for Beginners | |
| 260 | _c1985 | ||
| 300 | _a286 | ||
| 520 | _aBoth insight into the major areas of compiler for a subset of Pascal. Preface, Contents, Introduction, Grammars and Languages, Regular Expressions and Lexical Analysis, The Mini-Pascal Scanner, LEX and the Scanner, Top-Down Parsing, Metcalfe's Syntax Machine, The Mini-Pascal Syntax Analyzer, Bottom-Up Parsing, YACC, Semantic Analysis, Code Generation, Optimization, Compiler Engineering, References, Index. | ||
| 700 | 1 |
_aChartwell-Bratt _94476 |
|
| 700 | 1 |
_aFarmer Mick _94477 |
|
| 942 | _cBK | ||
| 999 |
_c3565 _d3565 |
||